000 00233nam a2200097Ia 4500
008 170619s9999 xx 000 0 und d
100 _aMano- M. Morris
245 0 _aDigital logic computer design
260 _bNew Delhi: PHI
260 _c2000
546 _aENGLISH
999 _c16120
_d16120